00480nam a22001457a 4500020001500000040000900015082001600024100001500040245004400055260004700099650005200146942001200198999001900210952010500229 a0194572064 cNust a651.74bASH aA. Ashley  aA handbook of commercial correspondence aNew York:bOxford University Press,c2000. aA handbook of commercial correspondence9125416 2ddccBK c611171d611171 00102ddc4070aCEMEbCEMEcGENd2024-08-28l0o651.74 ASHpCEME- 35658r2024-08-28w2024-08-28yBK